000 00818nam a2200253 a 4500
001 60243
003 BD-RjUL
005 20211209080822.0
008 161229s2011 bg a|||| s||| 00| 0 eng d
020 _a9845089128
_c: Complimentary
035 _a(BD-RjUL)60367
040 _aBD-RjUL
_beng
_cBD-RjUL
041 _aeng
082 _223
_a630.95492021
_bNAO 2011 (ZS)
110 _aBangladesh Bureau Of Statistics
_9179266
245 1 0 _aCensus of agriculture, 2008 :
_bZila series, Naogaon /
_cBangladesh Bureau of Statistics
260 _aDhaka:
_bBBS,
_c2011.
300 _axvi, 524 p. :
_bill. ;
_c28 cm.
490 _aZila series, Naogaon
500 _aChiefly statistical tables.
650 _aAgriculture
_zBangladesh
_zNaogaon
_vStatistics.
_9179316
830 _aZila series, Naogaon
_9179317
942 _2ddc
_cRAR
999 _c60243
_d60243